| 000 | 00532nam a2200169Ia 4500 | ||
|---|---|---|---|
| 008 | 110201s9999 xx 000 0 und d | ||
| 082 |
_bB603 _aK 423 |
||
| 100 | _aराजवाडे राजा | ||
| 245 | _aस्वप्नगंधा | ||
| 260 | _bश्रीराम प्रकाशन | ||
| 365 | _b16 | ||
| 600 | _aराजवाडे राजा | ||
| 630 | _aस्वप्नगंधा | ||
| 700 | _aराजवाडे राजा | ||
| 730 | _aस्वप्नगंधा | ||
| 942 | _cBOOK | ||
| 999 |
_c828053 _d828050 |
||